000 00359nam a2200145Ia 4500
008 230312s9999||||xx |||||||||||||| ||und||
020 _a1-57990-578-1
082 _a775
_bWIG-J
100 _aWignall;Jeff
245 0 _aJoy of Digita;l Photography
260 _bLark books
_aUSA
_c2005
300 _a304
650 _aArchitecture
_vArchitecture/
942 _cBK
999 _c11529
_d11529